Analog signal processing / (Record no. 19256)
[ view plain ]
| 000 -LEADER | |
|---|---|
| fixed length control field | 00987cam a2200289 a 4500 |
| 001 - CONTROL NUMBER | |
| control field | 2262734 |
| 005 - DATE AND TIME OF LATEST TRANSACTION | |
| control field | 20150504122108.0 |
| 008 - FIXED-LENGTH DATA ELEMENTS--GENERAL INFORMATION | |
| fixed length control field | 980410r20121999ii a frb 001 0 eng |
| 020 ## - INTERNATIONAL STANDARD BOOK NUMBER | |
| International Standard Book Number | 9788126533459 |
| 040 ## - CATALOGING SOURCE | |
| Original cataloging agency | DLC |
| Language of cataloging | eng |
| Transcribing agency | DLC |
| Modifying agency | C#P |
| -- | UKM |
| -- | OrLoB-B |
| -- | EG-ScBUE |
| 082 04 - DEWEY DECIMAL CLASSIFICATION NUMBER | |
| Classification number | 621.3822 |
| Item number | PAL |
| Edition number | 22 |
| 100 1# - MAIN ENTRY--PERSONAL NAME | |
| Personal name | PallaÌs-Areny, RamoÌn. |
| 9 (RLIN) | 37817 |
| 245 10 - TITLE STATEMENT | |
| Title | Analog signal processing / |
| Statement of responsibility, etc | Ramon Pallas-Areny, John G. Webster. |
| 260 ## - PUBLICATION, DISTRIBUTION, ETC. (IMPRINT) | |
| Place of publication, distribution, etc | New Delhi : |
| Name of publisher, distributor, etc | Wiley India (P.) Ltd. : |
| -- | John Wiley & Sons, Inc., |
| Date of publication, distribution, etc | 2012. |
| 300 ## - PHYSICAL DESCRIPTION | |
| Extent | xv, 586 p. : |
| Other physical details | ill. ; |
| Dimensions | 23 cm. |
| 500 ## - GENERAL NOTE | |
| General note | Index : p. 573-586. |
| 500 ## - GENERAL NOTE | |
| General note | Reprint of the 1999 ed. |
| 500 ## - GENERAL NOTE | |
| General note | Includes appendices. |
| 504 ## - BIBLIOGRAPHY, ETC. NOTE | |
| Bibliography, etc | Includes bibliographical references. |
| 650 #7 - SUBJECT ADDED ENTRY--TOPICAL TERM | |
| Topical term or geographic name as entry element | Linear integrated circuits. |
| Source of heading or term | BUEsh |
| 9 (RLIN) | 33900 |
| 650 #7 - SUBJECT ADDED ENTRY--TOPICAL TERM | |
| Topical term or geographic name as entry element | Signal processing. |
| Source of heading or term | BUEsh |
| 9 (RLIN) | 36943 |
| 651 ## - SUBJECT ADDED ENTRY--GEOGRAPHIC NAME | |
| Source of heading or term | BUEsh |
| 653 ## - INDEX TERM--UNCONTROLLED | |
| Resource For college | Engineering, General |
| Arrived date list | May2015 |
| 655 ## - INDEX TERM--GENRE/FORM | |
| Form subdivision | |
| -- | 34232 |
| 700 1# - ADDED ENTRY--PERSONAL NAME | |
| Personal name | Webster, John G., |
| Dates associated with a name | 1932- |
| 9 (RLIN) | 37818 |
| 942 ## - ADDED ENTRY ELEMENTS (KOHA) | |
| Source of classification or shelving scheme | Dewey Decimal Classification |
| Call number prefix | 621.3822 PAL |
| Withdrawn status | Item status | Source of classification or shelving scheme | Damaged status | Not for loan | Vendor | Home library | Current library | Shelving location | Date acquired | Source of acquisition | Cost, normal purchase price | Serial Enumeration / chronology | Total Checkouts | Full call number | Barcode | Date last seen | Cost, replacement price | Koha item type |
|---|---|---|---|---|---|---|---|---|---|---|---|---|---|---|---|---|---|---|
| Dewey Decimal Classification | Alahram | Central Library | Central Library | First floor | 03/05/2015 | 162.00 | 332 | 621.3822 PAL | 000038103 | 15/07/2025 | 202.50 | Book - Borrowing |